000 00553cam a22001931a 4500
001 ca 30000273
003 DLC
005 20260227111122.0
008 781128s1912 pl 000 1 pol
010 _aca 30000273
035 _a(OCoLC)4402743
040 _aDLC
_cNjR
_dPPiU
_dDLC
042 _apremarc
050 0 0 _aPG7158.P65
_bT6
100 1 _aPrzybyszewski, Stanisław,
_d1868-1927.
245 1 0 _aTopiel :
_bdramat w trzech aktach /
_cStanisław Przybyszewski.
260 _aWarszawa :
_bGebethner i Wolf,
_c1912.
300 _a153, [1] p. ;
_c20 cm.
999 _c16600
_d16600